Catalog

Record Details

Catalog Search



Das Dritte Reich und die Juden : Die Jahre der Verfolgung 1933-1939 / Saul Friedländer ; aus dem Englischen [angl. orig.: Nazi Germany and the Jews. The years of persecution, 1933-1939, HarperCollins Publishers, New York 1997] von Martin Pfeiffer

Friedländer, Saul (Author). Pfeiffer, Martin (Added Author).

Record details

  • ISBN: 3-423-30765-X :
  • Physical Description: 458 s.
  • Publisher: München : Deutsche Taschenbuch Verlag, 2000

Available copies

  • 1 of 1 copy available at Common Catalog SPOK.

Holds

  • 0 current holds with 1 total copy.
Show Only Available Copies
Location Call Number / Copy Notes Barcode Shelving Location Status Due Date
Terezin Initiative Institute 2833 4594302833 Knihovna ITI Available -

LDR 00893nam a2200265 a 4500
00126691
003CZ-PrJAB
00520230209092550.0
008040311s2000 gw gr 0 ger
020 . ‡a3-423-30765-X : ‡c482.50 Kč
035 . ‡a(CONS)1504
035 . ‡a(CZ PrSKC)000422245
040 . ‡aABB036 ‡bcze
1001 . ‡aFriedländer, Saul
24514. ‡aDas Dritte Reich und die Juden : ‡bDie Jahre der Verfolgung 1933-1939 / ‡cSaul Friedländer ; aus dem Englischen [angl. orig.: Nazi Germany and the Jews. The years of persecution, 1933-1939, HarperCollins Publishers, New York 1997] von Martin Pfeiffer
260 . ‡aMünchen : ‡bDeutsche Taschenbuch Verlag, ‡c2000
300 . ‡a458 s.
4900 . ‡adtv ; ‡v30765
7001 . ‡aPfeiffer, Martin
8524 . ‡bJACH-ITI ‡bJACH-ITI ‡cKnihovna ITI ‡j2833 ‡p2833 ‡y$0.00
910 . ‡aABE340 ‡b2833
995 . ‡askok
901 . ‡a26691 ‡bISxN ‡c26691 ‡tbiblio

Additional Resources